Football Players From Brazil - Sudden Death - Statistics

General Stats
  • This quiz has been taken 180 times
  • The average score is 8 of 10
Answers on the Grid
Answers color-coded by a green-red scale on the quiz's grid according to % correct below.
Vitinha
Vinicius Jr
Sergio Ramos
Savinho
Ronaldo Nazário
Ronaldinho Gaúcho
Rodri
Richarlison
Renato Veiga
Raphinha
Pelé
Neymar Jr
Luis Díaz
Kobbie Mainoo
Kevin Mier
Joselu
James Rodríguez
Ederson
Diogo Jota
Antony
 
Answer Stats
Answer % Correct
Vinicius Jr
94%
Neymar Jr
91%
Richarlison
87%
Pelé
86%
Ronaldo Nazário
86%
Raphinha
85%
Ronaldinho Gaúcho
82%
Antony
81%
Ederson
80%
Savinho
77%
No matching quizzes found
Score Distribution
Percent of People with Each Score
Percentile by Number Answered
Your Score History
You have not taken this quiz